| 000 | 00673nam a22001937a 4500 | ||
|---|---|---|---|
| 005 | 20241017091040.0 | ||
| 008 | 241004b |||||||| |||| 00| 0 eng d | ||
| 020 | _a9788119205882 | ||
| 082 | _aDC 658.404 F391 2024 | ||
| 245 |
_aEngineering management / _cedited by: Selvin Fernandes. |
||
| 260 |
_aIndia : _bDiscovery Publishing House, _c©2024. |
||
| 300 |
_av, 269 pages : _billustrations ; _c24 cm. |
||
| 500 | _aIncludes references and index. | ||
| 650 | 0 |
_aEngineering _xManagement. _963077 |
|
| 650 | 0 |
_aEngineering _xPersonnel management. _963078 |
|
| 650 | 0 |
_aEngineering personnel. _963079 |
|
| 700 |
_aFernandes, Selvin. _962254 _eeditor. |
||
| 942 |
_2ddc _cDC |
||
| 999 |
_c22219 _d22219 |
||